00803nim a2200217 i 4500001000400000100001800004245009500022260005200117650002100169655002900190700003400219040000800253041000800261942000700269008004100276999001700317856009800334952005100432952005100483952005100534bgj1 aSWAN, Michael10aThe New Cambridge English Course :bclass cassette set /cMichael Swan ; Catherine Walter. aCambridge :bCambridge University Press,c1990. 9aEnglish language aTextbooks for foreigners1 aWALTER, Catherine.eco-author cBPK0 aeng cTM s uk f |000 0 eng  c50080d50080 uhttp://koha.tu.koszalin.pl/cgi-bin/koha/opac-detail.pl?biblionumber=50080yKatalog online BPK 00104070aBPKbBPKckwoTM 858p01583243yTM 00104070aBPKbBPKckwoTM 859p01583281yTM 00104070aBPKbBPKckwoTM 860p01583274yTM